[Event "BCF-ch U10"]
[Site "Coventry"]
[Date "2015.08.05"]
[Round "5"]
[White "Paleri, Adithya P"]
[Black "Kolani, Arjun"]
[Result "0-1"]
[WhiteElo "1557"]
[BlackElo "109"]
[PlyCount "78"]
[EventDate "2015.08.02"]
[EventType "swiss"]
[EventRounds "7"]
[EventCountry "ENG"]
[SourceTitle "CBM 167 Extra"]
[Source "ChessBase"]
[SourceDate "2015.09.14"]
[SourceVersion "1"]
[SourceVersionDate "2015.09.14"]
[SourceQuality "1"]

1. d4 d5 2. Nf3 e6 3. c4 Nf6 4. g3 Be7 5. Bg2 0-0 6. 0-0 dxc4 7. Qc2 a6 8. a4 Bd7 9. Nbd2 Bc6 10. Re1 Nbd7 11. Qxc4 Bd5 12. Qc2 c5 13. e4 Bc6 14. e5 Nd5 15. Ne4 cxd4 16. Neg5 g6 17. Qc4 Nb4 18. Re2 d3 19. Qh4 h5 20. Rd2 Bxf3 21. Bxf3 Bxg5 22. Qxb4 Bxd2 23. Bxd2 Nxe5 24. Qxb7 Rb8 25. Qe4 Nxf3+ 26. Qxf3 Qd5 27. Qf6 Qf5 28. Qd4 Rfd8 29. Qc3 Rdc8 30. Qd4 Rc2 31. Bc3 e5 32. Qe3 Re2 33. Qa7 Rc8 34. Rd1 Rxc3 35. bxc3 d2 36. Kf1 Qd3 37. Qb8+ Kg7 38. Qb3 Re1+ 39. Kg2 Qf1+ 0-1

[Event "EU-ch U10 24th"]
[Site "Batumi"]
[Date "2014.10.20"]
[Round "2"]
[White "Eynullayev, Altay Elshan"]
[Black "Paleri, Adithya P"]
[Result "1-0"]
[WhiteElo "1714"]
[BlackElo "1439"]
[PlyCount "48"]
[EventDate "2014.10.19"]
[EventType "swiss"]
[EventRounds "9"]
[EventCountry "GEO"]
[SourceTitle "EXT 2016"]
[Source "ChessBase"]
[SourceDate "2015.10.08"]
[SourceVersion "1"]
[SourceVersionDate "2015.10.08"]
[SourceQuality "1"]

1. e4 d6 2. d4 Nf6 3. Nc3 g6 4. f4 Bg7 5. Nf3 0-0 6. Bc4 Nxe4 7. Bxf7+ Rxf7 8. Nxe4 Rf8 9. c3 e6 10. Be3 Re8 11. 0-0 Qe7 12. Qd2 Nc6 13. Rfe1 Bd7 14. Rad1 Kh8 15. h3 Rad8 16. Qc1 Qf8 17. Qb1 Ne7 18. Qd3 Nd5 19. Rf1 Nxe3 20. Qxe3 Qe7 21. Ng3 Bh6 22. h4 Bb5 23. Rfe1 Bc6 24. a4 Bd7 1-0

[Event "London Golders Green op U1900 4th"]
[Site "London"]
[Date "2014.08.24"]
[Round "3"]
[White "Paleri, Adithya P"]
[Black "Rahulan, Thivyaa"]
[Result "1-0"]
[WhiteElo "1675"]
[BlackElo "1578"]
[PlyCount "85"]
[EventDate "2014.08.23"]
[EventType "swiss"]
[EventRounds "6"]
[EventCountry "ENG"]
[SourceTitle "EXT 2018"]
[Source "ChessBase"]
[SourceDate "2017.10.13"]
[SourceVersion "1"]
[SourceVersionDate "2017.10.13"]
[SourceQuality "1"]

1. d4 d5 2. Nf3 c5 3. c4 e6 4. g3 Nf6 5. cxd5 exd5 6. Bg2 Nc6 7. dxc5 Bxc5 8. 0-0 0-0 9. Bg5 d4 10. Nbd2 Bb6 11. Nc4 Bc5 12. Rc1 Be7 13. Nce5 Nxe5 14. Nxe5 h6 15. Bxf6 Bxf6 16. Nc4 Rb8 17. Qd3 b5 18. Nd2 g6 19. Ne4 Bg7 20. Nc5 Bf5 21. Qb3 a5 22. Rfd1 Qb6 23. Kh1 Rbc8 24. Nd3 Be6 25. Qa3 Rfd8 26. b4 axb4 27. Nxb4 Bf8 28. Qb2 Rxc1 29. Rxc1 Bxb4 30. Qxb4 Bxa2 31. Rc5 Bc4 32. Rxc4 d3 33. exd3 Rxd3 34. Rc8+ Kh7 35. Qe1 Qd6 36. Rc1 b4 37. Kg1 b3 38. Qe2 Rd2 39. Qf3 b2 40. Qxf7+ Kh8 41. Rc8+ Qd8 42. Rxd8+ Rxd8 43. Qf6+ 1-0